LEADER 00644naa a2200157 i 4500 001 000000298071 003 CaOOAMICUS 005 20180831172617.0 008 180831n xx u000 u und u 013 $a5673 040 $aSeMil$bita 100 1 $aSemerari, Giuseppe.$0(OLS)http://semarc/name/8925 245 12$aL'idea di persona nella fenomenologia di Husserl. 600 14$aHusserl, Edmund <1859-1938>.$0(OLS)http://semarc/subject/987 773 0 $tIdea di persona.$dMilano : Vita e Pensiero, 1996.$kMetafisica e storia della metafisica$z88-343-0386-5$w()64698 996 $6245$aL'idea di persona nella fenomenologia di Husserl$9(OLS)http://semarc/title/374093 LEADER 00628naa a2200145 i 4500 001 000000293541 003 CaOOAMICUS 005 20180831172448.0 008 180831n xx u000 u und u 013 $a775 040 $aSeMil$bita 100 1 $aPfeifer, Michaela .$0(OLS)http://semarc/name/73054 245 10$aGibt es Fortschritte im geistlichem Leben? :$bGeistliche Landschaften einst und heute. 773 0 $tSpiritual progress.$dRoma : Pontificio Ateneo S. Anselmo, 1994.$kStudia Anselmiana$w()41834 996 $6245$aGibt es Fortschritte im geistlichem Leben? :$bGeistliche Landschaften einst und heute$9(OLS)http://semarc/title/369621